Everything Connects to Everything Else - or the Importance of CRM in the E-commerce of L'Oréal Magyarország Kft.'s Active Cosmetics Division

Bibliográfiai részletek
Szerző: Zagyi Fanni Fruzsina
További közreműködők: Kozák Dr. Tamás
Dokumentumtípus: Diplomadolgozat
Kulcsszavak:E-commerce
L'Oréal Magyarország
Online Access:http://dolgozattar.uni-bge.hu/15426

MARC

LEADER 00000nta a2200000 i 4500
001 dolg15426
005 20200317045124.0
008 180503suuuu hu om 000 eng d
040 |a BGE Dolgozattár Repozitórium  |b hun 
041 |a en 
100 1 |a Zagyi Fanni Fruzsina 
245 1 0 |a Everything Connects to Everything Else - or the Importance of CRM in the E-commerce of L'Oréal Magyarország Kft.'s Active Cosmetics Division  |c Zagyi Fanni Fruzsina  |h [elektronikus dokumentum] 
246 1 1 |a A CRM szerepe a L'Oréal Magyarország Kft. Aktív Kozmetikai Divíziójának internetes kereskedelmében 
246 1 1 |a The Importance of CRM in the E-commerce of L'Oréal Magyarország Kft.'s Active Cosmetics Division 
695 |a E-commerce 
695 |a L'Oréal Magyarország 
700 1 |a Kozák Dr. Tamás  |e ths 
856 4 0 |u http://dolgozattar.uni-bge.hu/15426/1/2_Zagyi_Fanni_Dissertation2018.pdf  |z Dokumentum-elérés 
856 4 0 |u http://dolgozattar.uni-bge.hu/15426/2/CopyCAT%20-%2020180503131925477.pdf  |z Dokumentum-elérés